Statistics for Ice Age: Dawn of the Dinosaurs Characters

Click here to take the quiz!

General Stats

  • This quiz has been taken 113 times
  • The average score is 8 of 9

Answer Stats

Actor/ActressCharacter DescriptionCharacter% Correct
Ray RomanoThe male mammothManny
99%
John LeguizamoThe ground slothSid
98%
Denis LearyThe saber-toothed tigerDiego
96%
Queen LatifahThe female mammothEllie
87%
Chris WedgeA male saber-toothed squirrelScrat
87%
Simon PeggA slightly unhenged weasel with an eyepatch over one eyeBuck
85%
Seann William ScottOne of the possum brothersCrash
84%
Josh PeckOne of the possum brothersEddie
84%
Karen DisherA female saber-toothed squirrelScratte
43%

Score Distribution

Percentile by Number Answered

Percent of People with Each Score

Your Score History

You have not taken this quiz